UK Airport Codes - Statistics

General Stats
  • This quiz has been taken 398 times
  • The average score is 9 of 15
Answer Stats
Hint Answer % Correct
BHX BIRMINGHAM
92%
ABZ ABERDEEN
91%
LHR LONDON HEATHROW
86%
NCL NEWCASTLE
81%
LPL LIVERPOOL
80%
CWL CARDIFF
75%
STN LONDON STANSTED
69%
LBA LEEDS BRADFORD
57%
DSA DONCASTER
47%
BLK BLACKPOOL
46%
NWI NORWICH
45%
SEN LONDON SOUTHEND
35%
BHD BELFAST CITY
31%
PIK PRESTWICK
29%
MME DURHAM
18%
No matching quizzes found
Score Distribution
Percent of People with Each Score
Percentile by Number Answered
Your Score History
You have not taken this quiz